<?xml version="1.0" encoding="UTF-8"?>
<collection xmlns="http://www.loc.gov/MARC21/slim">
 <record>
  <leader>05364nam a2200349 a 4500</leader>
  <controlfield tag="001">kal755</controlfield>
  <controlfield tag="003">Gr-AtHEAL</controlfield>
  <controlfield tag="005">20160426121047.0</controlfield>
  <controlfield tag="006">m        d        </controlfield>
  <controlfield tag="008">160413t2015    gr      s           gre|c</controlfield>
  <datafield tag="020" ind1=" " ind2=" ">
   <subfield code="a">9789606032912</subfield>
  </datafield>
  <datafield tag="040" ind1=" " ind2=" ">
   <subfield code="a">GR-AtHEAL</subfield>
   <subfield code="b">gre</subfield>
   <subfield code="c">GR-AtHEAL</subfield>
  </datafield>
  <datafield tag="082" ind1="0" ind2="4">
   <subfield code="a">622</subfield>
   <subfield code="2">23</subfield>
  </datafield>
  <datafield tag="100" ind1="1" ind2=" ">
   <subfield code="a">Μόδης, Κωνσταντίνος.</subfield>
   <subfield code="8">1911</subfield>
  </datafield>
  <datafield tag="245" ind1="1" ind2="0">
   <subfield code="a">Εισαγωγή στη μεταλλευτική έρευνα</subfield>
   <subfield code="h">[Ηλεκτρονικός πόρος] :</subfield>
   <subfield code="b">μια προσέγγιση με πολυμέσα /</subfield>
   <subfield code="c">Μόδης Κωνσταντίνος, Σταματάκη, Σοφία ; κριτικός αναγνώστης Καπαγερίδης Ιωάννης ; τεχνική επιμέλεια Σιδέρη Δάφνη ; γλωσσική επιμέλεια Φραγκάκη Γεωργία.</subfield>
  </datafield>
  <datafield tag="260" ind1=" " ind2=" ">
   <subfield code="a">Αθήνα :</subfield>
   <subfield code="b">Σύνδεσμος Ελληνικών Ακαδημαϊκών Βιβλιοθηκών,</subfield>
   <subfield code="c">c2015.</subfield>
  </datafield>
  <datafield tag="490" ind1=" " ind2=" ">
   <subfield code="a">Ακαδημαϊκά Ηλεκτρονικά Συγγράμματα και Βοηθήματα Κάλλιπος</subfield>
   <subfield code="8">40</subfield>
  </datafield>
  <datafield tag="520" ind1=" " ind2=" ">
   <subfield code="a">Το βιβλίο αυτό απευθύνεται σε προπτυχιακούς φοιτητές Πολυτεχνικών και Γεωλογικών Σχολών που διδάσκονται θέματα Μεταλλευτικής Έρευνας, καθώς και σε διδάσκοντες και επαγγελματίες του μεταλλευτικού χώρου που επιθυμούν να εμβαθύνουν σε συγκεκριμένα τεχνικά θέματα του αντικειμένου. Η θεματολογία του βιβλίου αφορά στην ανακάλυψη κοιτασμάτων, στον υπολογισμό της ποιότητας και της ποσότητας των αποθεμάτων τους, καθώς επίσης και στη συγκέντρωση στοιχείων για τον υπολογισμό της αξίας τους, δηλαδή του οικονομικού οφέλους που θα προκύψει από την εκμετάλλευσή τους. Αρχικά τεκμηριώνεται η ανάλυση της Μεταλλευτικής Έρευνας ως επενδυτικής διαδικασίας με μεγάλο βαθμό επιχειρηματικού κινδύνου και αναπτύσσεται ο δυναμικός προγραμματισμός, ως μεθοδολογία βελτιστοποίησης της διαδικασίας που ακολουθείται. Στη συνέχεια περιγράφονται οι βασικοί τύποι των κοιτασμάτων, τα διάφορα συστήματα κατάταξης αποθεμάτων κατά κατηγορίες και ο καθορισμός της βιομηχανικής αξίας τους. Ακολουθεί η περιγραφή των γεωχημικών και γεωφυσικών μεθόδων που χρησιμοποιούνται στα αρχικά στάδια της αναζήτησης, καθώς και των άμεσων μεθόδων που αφορούν σε απευθείας λήψη δειγμάτων από μεταλλοφόρα τμήματα, είτε μέσω γεωτρήσεων, είτε μέσω μεταλλευτικών έργων. Αναλύονται τα θέματα της απόδοσης ενός ερευνητικού καννάβου και του καθορισμού της βέλτιστης πυκνότητας ερευνητικών έργων. Γίνεται ανασκόπηση των μεθόδων εκτίμησης αποθεμάτων και παρουσιάζεται αναλυτικά η γεωστατιστική ως η πλέον χρησιμοποιούμενη. Τέλος, γίνεται αναφορά στα στοιχεία που απαιτούνται για τη σύνταξη των απαραίτητων μελετών, όπως η τεχνικοοικονομική μελέτη, η μελέτη σκοπιμότητας και η μελέτη περιβαλλοντικών επιπτώσεων, προκειμένου να αξιολογηθεί και να υλοποιηθεί το επενδυτικό σχέδιο.</subfield>
  </datafield>
  <datafield tag="650" ind1=" " ind2="0">
   <subfield code="a">Mining engineering</subfield>
   <subfield code="8">2553</subfield>
  </datafield>
  <datafield tag="653" ind1=" " ind2=" ">
   <subfield code="a">Ανάλυση κινδύνου</subfield>
  </datafield>
  <datafield tag="653" ind1=" " ind2=" ">
   <subfield code="a">Γεωστατική</subfield>
  </datafield>
  <datafield tag="653" ind1=" " ind2=" ">
   <subfield code="a">Εκτίμηση αποθεμάτων</subfield>
  </datafield>
  <datafield tag="653" ind1=" " ind2=" ">
   <subfield code="a">Κοίτασμα</subfield>
  </datafield>
  <datafield tag="653" ind1=" " ind2=" ">
   <subfield code="a">Δειγματοληψία</subfield>
  </datafield>
  <datafield tag="653" ind1=" " ind2=" ">
   <subfield code="a">Τεχνολογία και επιστήμες μηχανικών</subfield>
   <subfield code="a">Τεχνολογία και μηχανική ορυχείων και μεταλλουργίας</subfield>
   <subfield code="a">Μεταλλευτική έρευνα</subfield>
  </datafield>
  <datafield tag="700" ind1="1" ind2=" ">
   <subfield code="a">Σταματάκη, Σοφία</subfield>
   <subfield code="e">Συγγραφέας</subfield>
   <subfield code="8">1912</subfield>
  </datafield>
  <datafield tag="700" ind1="1" ind2=" ">
   <subfield code="a">Καπαγερίδης, Ιωάννης</subfield>
   <subfield code="e">Κριτικός αναγνώστης</subfield>
   <subfield code="8">1913</subfield>
  </datafield>
  <datafield tag="856" ind1="4" ind2="0">
   <subfield code="u">http://hdl.handle.net/11419/755</subfield>
   <subfield code="z">Πλήρες Κείμενο - Full text</subfield>
  </datafield>
  <datafield tag="907" ind1=" " ind2=" ">
   <subfield code="a">.b25677779</subfield>
   <subfield code="b">12-06-18</subfield>
   <subfield code="c">29-07-16</subfield>
  </datafield>
  <datafield tag="949" ind1=" " ind2=" ">
   <subfield code="0">0</subfield>
   <subfield code="1">0</subfield>
   <subfield code="2">ddc</subfield>
   <subfield code="4">0</subfield>
   <subfield code="6">622_000000000000000_ΜΟΔ</subfield>
   <subfield code="7">0</subfield>
   <subfield code="8">KALL</subfield>
   <subfield code="8">535</subfield>
   <subfield code="d">2016-04-13</subfield>
   <subfield code="r">2016-04-13</subfield>
   <subfield code="w">2016-04-13</subfield>
   <subfield code="z">622 ΜΟΔ</subfield>
   <subfield code="o">SEAB KALLIPOS</subfield>
  </datafield>
  <datafield tag="998" ind1=" " ind2=" ">
   <subfield code="a">80</subfield>
   <subfield code="a">01</subfield>
   <subfield code="a">02</subfield>
   <subfield code="a">03</subfield>
   <subfield code="a">04</subfield>
   <subfield code="a">05</subfield>
   <subfield code="a">06</subfield>
   <subfield code="a">07</subfield>
   <subfield code="a">08</subfield>
   <subfield code="a">09</subfield>
   <subfield code="a">10</subfield>
   <subfield code="a">11</subfield>
   <subfield code="a">12</subfield>
   <subfield code="a">13</subfield>
   <subfield code="a">14</subfield>
   <subfield code="a">15</subfield>
   <subfield code="a">16</subfield>
   <subfield code="a">17</subfield>
   <subfield code="a">18</subfield>
   <subfield code="a">19</subfield>
   <subfield code="a">20</subfield>
   <subfield code="a">21</subfield>
   <subfield code="a">22</subfield>
   <subfield code="a">23</subfield>
   <subfield code="a">24</subfield>
   <subfield code="a">25</subfield>
   <subfield code="a">26</subfield>
   <subfield code="b">11-05-17</subfield>
   <subfield code="c">m</subfield>
   <subfield code="d">z  </subfield>
   <subfield code="e">-</subfield>
   <subfield code="f">gre</subfield>
   <subfield code="g">gr </subfield>
   <subfield code="h">0</subfield>
  </datafield>
  <datafield tag="942" ind1=" " ind2=" ">
   <subfield code="2">ddc</subfield>
   <subfield code="c">KALLIPOS</subfield>
  </datafield>
 </record>
</collection>
